Probability and Statistics for Engineers and Scientists / (Record no. 616169)

000 -LEADER
fixed length control field 00607nam a22001817a 4500
003 - CONTROL NUMBER IDENTIFIER
control field NUST
005 - DATE AND TIME OF LATEST TRANSACTION
control field 20260210163341.0
008 - FIXED-LENGTH DATA ELEMENTS--GENERAL INFORMATION
fixed length control field 260210b ||||| |||| 00| 0 eng d
020 ## - INTERNATIONAL STANDARD BOOK NUMBER
International Standard Book Number 978-0321629111
082 ## - DEWEY DECIMAL CLASSIFICATION NUMBER
Classification number 519.02
Author Mark WAL
100 ## - MAIN ENTRY--PERSONAL NAME
Personal name Ronald E. Walpole, Raymond H. Myers, Sharon L. Myers & Keying E. Ye.
9 (RLIN) 133150
245 ## - TITLE STATEMENT
Title Probability and Statistics for Engineers and Scientists /
Statement of responsibility, etc. Ronald E. Walpole, Raymond H. Myers, Sharon L. Myers & Keying E. Ye.
250 ## - EDITION STATEMENT
Edition statement 9th Edition
260 ## - PUBLICATION, DISTRIBUTION, ETC.
Place of publication, distribution, etc. USA:
Name of publisher, distributor, etc. Pearson,
Date of publication, distribution, etc. 2012.
300 ## - PHYSICAL DESCRIPTION
Extent 791 p ;
Dimensions 25.1 cm
563 ## - BINDING INFORMATION
Binding note Hardcover
942 ## - ADDED ENTRY ELEMENTS (KOHA)
Source of classification or shelving scheme
Koha item type Book
Holdings
Withdrawn status Lost status Source of classification or shelving scheme Damaged status Not for loan Permanent Location Current Location Date acquired Total Checkouts Full call number Barcode Date last seen Price effective from Koha item type
          Institute of Geographical Information Systems (IGIS) Institute of Geographical Information Systems (IGIS) 02/10/2026   519.02 WAL IGIS-1263 02/10/2026 02/10/2026 Book
          Institute of Geographical Information Systems (IGIS) Institute of Geographical Information Systems (IGIS) 02/10/2026   519.02 WAL IGIS-1264 02/10/2026 02/10/2026 Book
          Institute of Geographical Information Systems (IGIS) Institute of Geographical Information Systems (IGIS) 02/10/2026   519.02 WAL IGIS-1265 02/10/2026 02/10/2026 Book
          Institute of Geographical Information Systems (IGIS) Institute of Geographical Information Systems (IGIS) 02/10/2026   519.02 WAL IGIS-1266 02/10/2026 02/10/2026 Book
© 2023 Central Library, National University of Sciences and Technology. All Rights Reserved.